Нейтронно-энергетические проблемы термоядерных установок: сборник научных трудов

ग्रंथसूची विवरण
निगमित लेखक: Энергетический научно-исследовательский институт им. Г.М. Кржижановского (ЭНИН)
अन्य लेखक: Бродер Д. Л. (редактор)
भाषा:रूसी
प्रकाशित: Москва, 1989
विषय:
स्वरूप: पुस्तक
KOHA link:https://koha.lib.tpu.ru/cgi-bin/koha/opac-detail.pl?biblionumber=246480

MARC

LEADER 00000nam0a2200000 4500
001 246480
005 20231101232217.0
035 |a (RuTPU)RU\TPU\book\267931 
090 |a 246480 
100 |a 20131204d1989 k y0rusy50 ca 
101 0 |a rus 
102 |a RU 
105 |a a z 001zy 
200 1 |a Нейтронно-энергетические проблемы термоядерных установок  |e сборник научных трудов  |f Энергетический научно-исследовательский институт им. Г.М. Кржижановского (ЭНИН) ; под ред. Д. Л. Бродера 
210 |a Москва  |d 1989 
215 |a 249 с.  |c ил. 
320 |a Библиогр. в конце ст. 
606 1 |a Термоядерные реакторы  |2 stltpush  |3 (RuTPU)RU\TPU\subj\59997  |9 77488 
610 1 |a термоядерные установки 
610 1 |a нейтронно-энергетические проблемы 
610 1 |a апробация 
610 1 |a нейтронное оборудование 
610 1 |a ядерно-физическая аппаратура 
610 1 |a термоядерные исследования 
675 |a 621.039.6  |v 3 
702 1 |a Бродер  |b Д. Л.  |4 340 
712 0 2 |a Энергетический научно-исследовательский институт им. Г.М. Кржижановского (ЭНИН)  |c (Москва)  |c (1961-1993)  |2 stltpush  |3 (RuTPU)RU\TPU\col\3004 
801 1 |a RU  |b 63413507  |c 20131204 
801 2 |a RU  |b 63413507  |c 20131205  |g RCR 
942 |c BK